| 000 | 01475 a2200241 4500 | ||
|---|---|---|---|
| 001 | 56890 | ||
| 005 | 20260407155832.0 | ||
| 008 | 260407a1999 arg spa d | ||
| 003 | AR-UNSa-BCEJYS | ||
| 040 |
_aAR-UNSa-BCEJYS _bspa _cAR-UNSa-BCEJYS |
||
| 080 |
_a336.1 _xFinanzas Públicas. Finanzas del gobierno en general |
||
| 245 | 1 | 0 | _aPublic finance |
| 020 | _a0-256-17329-X | ||
| 250 | _a5a. ed. | ||
| 264 | 1 |
_aBoston : _bIrwin/McGraw-Hill _c1999 |
|
| 300 |
_axxxii, 573 p. _c26 cm. |
||
| 505 | _a1. Introduction – 2. Public Finance and Attitudes toeard Government – 3. Tools of Positive Analysis – 4. Tools of Normative Analysis – 5. Public Goods – 6. Externalities – 7. Political Economy – 8. Income Redistribution: Conceptual Issues – 9. Expenditure Programs for the Poor – 10. Social Insurance I: Social Security and Unemploymet – 11. Social Insurance II: Health Care – 12. Cost-Benefit Analysis – 13. Taxation and Income Distribution – 14. Taxation and Efficiency – 15. Efficient and Equitable Taxation – 16. The Personal Income Tax – 17. Personal Taxation and Behavior – 18. The Corporation Tax – 19. Deficit Finance – 20. Taxes on Consumption and Wealth – 21. Public Finance in a Federal System | ||
| 041 | _aspa | ||
| 942 | _cBK | ||
| 590 | _aniveau_biblio:m niveau_hierar:0 | ||
| 100 | 1 | _aRosen, Harvey S. | |
| 856 | 4 | 1 |
_uhttps://biblioeco.unsa.edu.ar/pmb/images/libros/L128622.jpg _yImagen de portada _qimage/jpeg |
| 999 |
_c6061 _d6061 |
||